Central Library OPAC University of Rajshahi

الصواعق الالهية في الرد على الوهابية /alsawaeiq alalahiat fi alradi ealaa alwahaabiat / (Record no. 82801)

MARC details
000 -LEADER
fixed length control field 00924nam a2200241 a 4500
001 - CONTROL NUMBER
control field 82801
003 - CONTROL NUMBER IDENTIFIER
rucl marc code BD-RjUL
005 - DATE AND TIME OF LATEST TRANSACTION
control field 20240127155159.0
008 - FIXED-LENGTH DATA ELEMENTS--GENERAL INFORMATION
fixed length control field 240127s1975 tu 000 0 ara d
035 ## - SYSTEM CONTROL NUMBER
System control number (BD-RjUL)82801
040 ## - CATALOGING SOURCE
Original cataloging agency TAU
Language of cataloging eng
Transcribing agency BD-RjUL
041 0# - LANGUAGE CODE
Language code of text/sound track or separate title ara
082 ## - DEWEY DECIMAL CLASSIFICATION NUMBER
Edition number 23
Classification number 297.814
Author mark and year NAS 1975
090 ## - LOCALLY ASSIGNED LC-TYPE CALL NUMBER (OCLC); LOCAL CALL NUMBER (OCLC)
Classification number (OCLC) (R) ; Classification number, CALL (RLIN) (NR) 297.664
100 1# - MAIN ENTRY--PERSONAL NAME
Personal name Al-Najdi, Suleiman bin Abdul Wahhab ;; النجدي، سليمان بن عبد الوهاب
9 (RLIN) 11158
245 12 - TITLE STATEMENT
Title الصواعق الالهية في الرد على الوهابية /alsawaeiq alalahiat fi alradi ealaa alwahaabiat /
Statement of responsibility, etc. by Suleiman bin Abdul Wahhab Al-Najdi ;; تأليف سليمان بن عبد الوهاب النجدي
250 ## - EDITION STATEMENT
Edition statement الطبع الثاني
Edition statement 2nd.ed.
260 ## - PUBLICATION, DISTRIBUTION, ETC. (IMPRINT)
Place of publication, distribution, etc. استانبول :
Name of publisher, distributor, etc. المكتبة ايشيق،
Date of publication, distribution, etc. ١٩٧٥م . ١٣٩٥ هج .
300 ## - PHYSICAL DESCRIPTION
Pagination ٦٤ ص
650 #4 - SUBJECT ADDED ENTRY--TOPICAL TERM
Topical term or geographic name as entry element Wahhābīyah
9 (RLIN) 11159
942 ## - ADDED ENTRY ELEMENTS (KOHA)
Source of classification or shelving scheme Dewey Decimal Classification
Koha item type Books
Holdings
Lost status Source of classification or shelving scheme Damaged status Not for loan Collection code Permanent Location Current Location Shelving location Date acquired Total Checkouts Full call number Date last seen Copy number Koha item type
  Dewey Decimal Classification   Not For Loan Non-fiction Central Library, University of Rajshahi Central Library, University of Rajshahi Reading Room 27/01/2024   A 297.814 NAS 1975 27/01/2024 C-1 Books